<?xml version="1.0" encoding="UTF-8"?><?xml-stylesheet type="text/xsl" href="static/style.xsl"?><OAI-PMH xmlns="http://www.openarchives.org/OAI/2.0/" xmlns:xsi="http://www.w3.org/2001/XMLSchema-instance" xsi:schemaLocation="http://www.openarchives.org/OAI/2.0/ http://www.openarchives.org/OAI/2.0/OAI-PMH.xsd"><responseDate>2026-06-03T05:00:56Z</responseDate><request verb="GetRecord" identifier="oai:riuma.uma.es:10630/25338" metadataPrefix="marc">https://riuma.uma.es/rest/oai/request</request><GetRecord><record><header><identifier>oai:riuma.uma.es:10630/25338</identifier><datestamp>2026-02-03T11:37:18Z</datestamp><setSpec>com_10630_2254</setSpec><setSpec>col_10630_20092</setSpec></header><metadata><record xmlns="http://www.loc.gov/MARC21/slim" xmlns:dcterms="http://purl.org/dc/terms/" xmlns:doc="http://www.lyncode.com/xoai" xmlns:xsi="http://www.w3.org/2001/XMLSchema-instance" xsi:schemaLocation="http://www.loc.gov/MARC21/slim http://www.loc.gov/standards/marcxml/schema/MARC21slim.xsd">
   <leader>00925njm 22002777a 4500</leader>
   <datafield ind2=" " ind1=" " tag="042">
      <subfield code="a">dc</subfield>
   </datafield>
   <datafield ind2=" " ind1=" " tag="720">
      <subfield code="a">Mateos-Moreno, Daniel</subfield>
      <subfield code="e">author</subfield>
   </datafield>
   <datafield ind2=" " ind1=" " tag="720">
      <subfield code="a">Blanco Ariza, Jesús</subfield>
      <subfield code="e">author</subfield>
   </datafield>
   <datafield ind2=" " ind1=" " tag="260">
      <subfield code="c">2022-11-04</subfield>
   </datafield>
   <datafield ind2=" " ind1=" " tag="520">
      <subfield code="a">El presente estudio tiene como objetivo la exploración de las creencias de los maestros de educación primaria en relación con 1) perder en la escuela, 2) los comportamientos de los estudiantes para hacer frente al hecho de perder y 3) estrategias para enseñar cómo hacer frente a la pérdida de forma adaptativa en la escuela. Utilizando la metodología de estudio de casos, se realizan entrevistas en profundidad y encuestas entre una muestra de profesores seleccionados a propósito con perfiles variados. Por medio del análisis de contenido, los resultados evidenciarán cómo los participantes entienden el hecho de perder en la escuela.</subfield>
   </datafield>
   <datafield ind1="8" ind2=" " tag="024">
      <subfield code="a">https://hdl.handle.net/10630/25338</subfield>
   </datafield>
   <datafield ind1="8" ind2=" " tag="024">
      <subfield code="a">10.24310/riuma.25338</subfield>
   </datafield>
   <datafield tag="653" ind2=" " ind1=" ">
      <subfield code="a">Escolares - Aspectos psicológicos</subfield>
   </datafield>
   <datafield ind2="0" ind1="0" tag="245">
      <subfield code="a">Perder en actividades competitivas en la escuela</subfield>
   </datafield>
</record>
</metadata></record></GetRecord></OAI-PMH>